000 00817nam a2200253Ia 4500
003 OSt
005 20220923215811.0
006 a|||||r|||| 00| 0
007 ta
008 220922b |||||||| |||| 00| 0 hin d
024 _a181,922
037 _cTextual
040 _aARTS
_cARTS
_bhin
041 _2hin
_ahin
082 _aO152,1N389x, N4
100 _aविश्वकर्मा, सुखवीर
245 0 _aयह जो क्षण हैं
246 _aYah jo kṣhaṇ haian
260 _aदिल्ली
_b पराग प्रकाशन
_c1994
300 _a82 पृ.
_ccm.
650 _aहिन्दी साहित्य
_9156264
942 _hO152,1N389x, N4
_cTEXL
_2CC
999 _c335299
_d335299